000 00843nam a2200217Ia 4500
001 8850
003 GE_BSU
008 181216s||||||||xx |||||||||||||| ||und||
040 _cGE_BSU
080 _a087.5:62
100 _aკარბელაშვილი, ანდრე
245 _aლაზერი კოსმოსს კვეთს
245 _bმეცნ. და ტექნიკის მიღწევები უფრ. სასკოლო ასაკის ბავშვთათვის
245 _cრედ. მ. სოხაძე.მხატვ. ა. ქლიბაძე
260 _aთბილისი
260 _bნაკადული
260 _c1976
300 _a229გვ..ილ. 20სმ.
653 _aლაზერი კოსმოსს კვეთს
942 _cBK
999 _c42157
_d42157